Wird geladen...

Atheetham/

Bibliographische Detailangaben
1. Verfasser: Tarkovsky,Andre
Weitere Verfasser: Sanandaraj
Format: Printed Book
Sprache:English
Veröffentlicht: Trivendrum: Sign Books, 2007.
Schlagworte:
LEADER 00592 a2200181 4500
008 150103s9999 000 0 eng
020 |a 9788190610018 
082 |a 791.437  
100 |a Tarkovsky,Andre 
245 |a Atheetham/ 
260 |a Trivendrum:  |b Sign Books,  |c 2007. 
300 |a 128 p.: 
500 |a Stalker--Solaris 
650 |a Motion pictures plays-screenplay 
700 |a Sanandaraj 
942 |c BK 
999 |c 307082  |d 307082 
952 |0 0  |1 0  |2 ddc  |4 0  |6 M_791_437000000000000_TAR_AT  |7 0  |9 352308  |a DRA  |b DRA  |c ST1  |d 2013-06-28  |i 8311  |l 0  |o M 791.437 TAR/AT  |p DRA8311  |r 2019-01-03  |v 80.00  |w 2019-01-03  |y BK